000 00441nam a22001577a 4500
005 20251108172536.0
008 250721s9999 xx 000 0 ara d
082 1 4 _a346.08شرع
100 1 _aشرعان، محمد
245 1 0 _aالخطر في عقد التأمين /
264 1 _aالإسكندرية :
_bمنشأة المعارف،
300 _a350 ص
650 1 7 _aقانون التأمين
942 _2ddc
_cBK
999 _c82055
_d82055